| 000 | 01680nam a22004457a 4500 | ||
|---|---|---|---|
| 003 | CHAP | ||
| 005 | 20220329143332.0 | ||
| 008 | 080922s2007 mx a r 00010 spa d | ||
| 010 | _a95140 | ||
| 011 | _a96112 | ||
| 035 | _a106753 | ||
| 040 | _cCHAP | ||
| 090 | _aTesis | ||
| 100 | 1 |
_aArce Romero, Manuel Heriberto _96775 |
|
| 245 | 1 | 0 |
_aSistema de producción intensiva de jitomate en condiciones de hidroponía y "casa sombra", en Tehuacan, Puebla _c/por Manuel Heriberto Arce Romero |
| 260 |
_aChapingo, Méx. : _bEl autor, _c2008 |
||
| 300 |
_a108 h. : _bilus., cuadros |
||
| 502 | _aTesis (Ing. Agr. Esp. en Suelos) -- UACH. Departamento de Suelos | ||
| 530 | _aTambién disponible en línea | ||
| 590 |
_aALEPH _b10 _c20130110 _lUCH01 _h1524 |
||
| 590 |
_aBATCH-UPD _b10 _c20130110 _lUCH01 _h0917 |
||
| 590 |
_aBATCH-UPD _b10 _c20130410 _lUCH01 _h0540 |
||
| 590 |
_aBATCH-UPD _b10 _c20130914 _lUCH01 _h1616 |
||
| 590 |
_aBATCH-UPD _b10 _c20140324 _lUCH01 _h1507 |
||
| 590 |
_aBATCH-UPD _b10 _c20141002 _lUCH01 _h0836 |
||
| 590 |
_aBATCH _b00 _c20181121 _lUCH01 _h0758 |
||
| 590 |
_aCONVERSION _b10 _c20130109 _lUCH01 _h1353 |
||
| 650 | 1 | 4 |
_aHidroponía. _955280 |
| 650 | 1 | 4 |
_aSombra _xEfecto en plantas. _9108539 |
| 650 | 1 | 4 |
_aTecnología. _9111937 |
| 650 | 1 | 4 |
_aTomate _xPuebla. _9113759 |
| 650 | 1 | 4 |
_aTomate _xRendimiento. _9113761 |
| 650 | 1 | 4 |
_aTomate _xRendimiento. _9113761 |
| 856 |
_3Finding aid _uhttp://10.13.5.2/tesis/106753.pdf _zTeclea aqui |
||
| 856 |
_a1 _n0000461 |
||
| 901 | _aBK | ||
| 942 | _cFOLL | ||
| 949 |
_aTesis _bBC _cTES _d33724002071248 _eTS1 _gDonaciØn _h48070 _i106753 _sb |
||
| 949 |
_aTesis _bBC _cTES _d33724002071280 _eTS2 _fc.2 _gDonaciØn _h48071 _i106753 _sb |
||
| 999 |
_c95140 _d95140 |
||